000 00449nam a2200181Ia 4500
003 GCL
008 140319s9999 xx 000 0 eng d
040 _aGCL /
_cGCL
082 0 4 _a843
_bT V
100 1 _aTOURNIER, MICHEL
245 1 0 _aLE VENT PARACLET /
_cTOURNIER, MICHEL
260 _a[S.N] :
_bFOLIO ،
_c1993
300 _a312 P
490 _aCOLLECTION FOLIO
_v0
650 0 4 _aLITERATURE
650 0 4 _aFRENCH LITERATURE
942 _2ddc
_cBK
999 _c22744
_d22744